Statistics for A列車で行こう9YouTuber

Click here to take the quiz!

General Stats

  • This quiz has been taken 7 times
  • The average score is 4 of 15

Answer Stats

HintAnswer% Correct
巫女と巫女が金沢を改造しまくるA列車実況へーそく
100%
スカーレット姉妹が鉄道で都市を築くようですシュガーオレンジ
57%
この未開の地を鉄道網で埋め尽くす!おーくすおーくす
43%
早苗VS妖夢の月ノ宮開発記ゆっくり熊三郎
43%
出雲市大改造計画!Arrive
43%
沖縄県を鉄道で発展させよう!!水上桜
29%
北海道に大手私鉄を作る!くすのき
14%
唐島地区開発計画じんべえ
14%
僕鉄VSニコ鉄 リゾート都市開発バトルデジーク
14%
とある盆地の王国鉄道くじら鉄道部
14%
饅頭二人が湘南を変えるらしいさぶちふ
14%
緑蒼をけい&しゅんとゆっくり達が大開発する!海藻急行
14%
なんかいい街にゆっくり達が開発ふんわり256
14%
未開の大地を楽園に!〜ゼロから始める都市開発〜ちゃばしら
0%
ゆっくり達が稲鹿地方を開発するようですあせ
0%

Score Distribution

Percentile by Number Answered

Percent of People with Each Score

Your Score History

You have not taken this quiz